000 00889nac a22002411u 4500
020 _a0443055173 (pbk.)
020 _a0443055505 (international student ed.)
082 _a615.19
_bA924
090 _c1567
_d1567
100 _a20080729
245 _aPharmaceutics :
_bthe science of dosage form design /
_cedited by Michael E. Aulton.
250 _a2nd ed.
260 _aEdinburgh :
_bChurchill Livingstone,
_c2002.
300 _axv, 679 p. :
_bill. ;
_c25 cm.
500 _aPrevious ed.: 1988.
504 _aIncludes bibliographical references and index.
650 _aDrugs
_xDesign.
650 _aDrugs
_xDosage forms.
650 _aPharmaceutical technology.
700 _aAulton, Michael E.
942 _cBB
_k615.19A924
999 _c1567
_d1567